000 00295nam a22001337a 4500
008 170908b xxu||||| |||| 00| 0 eng d
020 _a9780743255356
041 _aeng
080 _a91
100 _a42
101 _aGJEO
245 _aTHE GEOGRAPHY OF THOUGHT
_cNISBETT,R,E
942 _2udc
_cBK
999 _c26814
_d26814